00853nam a2200229 a 450000100060000000300080000600500170001400800410003102000280007203500190010004000320011904100080015108200320015924501170019126000380030830000340034650400510038065000610043170000340049270000210052683000760054766743BD-RjUL20211209081555.0911107s1992 coua b 001 0 eng  a0813383978 (alk. paper) a(BD-RjUL)66874 aDLCcDLCdDLCdBD-RjULbeng aeng002223a006.33091724bEXP 199210aExpert systems in developing countries :bpractice and promise /cedited by Charles K. Mann and Stephen R. Ruth. aBoulder :bWestview Press,c1992. avii, 288 p. :bill. ;c23 cm. aIncludes bibliographical references and index. 0aExpert systems (Computer science)zDeveloping countries.1 aMann, Charles Kellogg,d1934-1 aRuth, Stephen R. aWestview special studies in social, political, and economic development